| 000 | nam a22 a 4500 | ||
|---|---|---|---|
| 999 |
_c1987 _d1987 |
||
| 003 | AKMAL | ||
| 005 | 20170512160904.0 | ||
| 008 | 170512s2005 my a e | f100 0 eng d | ||
| 020 |
_a9789833109136 (pbk.) : _cRM18.00 |
||
| 020 | _a9789833109135 (pbk.) | ||
| 039 | 9 |
_a201207231536 _brosenah _c201207061450 _dnorhidayah _c200809221559 _darni _c200509021514 _dsuzilawati |
|
| 040 |
_aAKMAL _cAKMAL |
||
| 082 | 0 | 4 |
_a351.595 STR _222 |
| 090 | 0 | 0 |
_a351.595 _bSTR |
| 090 | 2 | 0 |
_a351.595 _bSTR |
| 111 | 2 |
_aCivil Service Conference _n(9th : _d2005 : _cINTAN Bukit Kiara, Kuala Lumpur) _94104 |
|
| 245 | 1 | 0 |
_aStrengthening public service delivery : _bforging ahead together : proceedings of the 9th Civil Service Conference, 24-26 June 2004 / _ceditors Jamaluddin Hj. Ahmad Damanhuri, Malek Shah Hj. Mohd Yusoff ; jointly organised by National Institute of Public Administration (INTAN) Public Service Department Malaysia, Administrative and Diplomatic Service Association (PPTD) Malaysia |
| 260 |
_aKuala Lumpur : _bInstitut Tadbiran Awam Negara, _c2005 |
||
| 300 |
_axxii, 159p. ; _c23cm. |
||
| 650 | 1 | 0 |
_aCivil service _zMalaysia _vCongresses _94105 |
| 650 | 2 | 0 |
_aPublic administration _zMalaysia _vCongresses _94106 |
| 650 | 2 | 0 |
_aAdministrative agencies _zMalaysia _vCongresses _94107 |
| 700 | 0 |
_aJamaluddin Hj. Ahmad Damanhuri, _cTan Sri _94108 |
|
| 700 | 0 |
_aMalik Shah Hj. Mohd. Yusoff _94109 |
|
| 710 | 2 |
_aInstitut Tadbiran Awam Negara _9410 |
|
| 710 | 2 |
_aPersatuan Perkhidmatan Tadbir dan Diplomatik _94110 |
|
| 942 |
_2ddc _cBOOK |
||